000 00616nam a2200181Ia 4500
008 090630s9999 xx 000 0 und d
082 _b2747
100 _aरहाळकर कृ. के.
245 _aमराठी मुद्रक.
_cरहाळकर कृ. के.
260 _bव्होरा कंपनी.
_c1959
300 _a30
600 _aरहाळकर कृ. के.
630 _aमराठी मुद्रक.
655 _aबालवाङमय.
700 _aरहाळकर कृ. के.
730 _aमराठी मुद्रक.
942 _cBOOK
999 _c254603
_d254603